[Event "AUTO-ADV-3581"]
[Site "http://www.queenalice.com/game.php?id=1406535"]
[Date "2016.1.28"]
[Round "1"]
[White "TITAN10"]
[Black "knightsdefence"]
[Result "1/2-1/2"]
[WhiteElo "1863"]
[BlackElo "2030"]

1. e4 e5 2. Nf3 Nf6 3. Nxe5 d6 4. Nf3 Nxe4 5. Bc4 d5 6. Bb3 Nc5 7. Qe2+ Be7 8.
O-O Nxb3 9. axb3 O-O 10. d4 Nc6 11. c3 a6 12. Re1 Bg4 13. h3 Bh5 14. Bf4 Re8 15.
Qd3 f6 16. Nbd2 Bg6 17. Qf1 Qd7 18. Nh4 Bf7 19. Bh2 Bf8 20. Nhf3 Re7 21. Rxe7
Bxe7 22. Re1 Re8 23. c4 Bb4 24. Rxe8+ Bxe8 25. Qe2 Bf7 26. c5 Ba5 27. Nb1 Qe6
28. Qxe6 Bxe6 29. Nc3 Nb4 30. Nd1 Nd3 31. Kf1 c6 32. Ke2 Nc1+ 33. Ke3 Nxb3 34.
Kd3 Bd8 35. Kc3 Na5 36. b3 b5 37. Nd2 Nb7 38. b4 a5 39. Ne3 axb4+ 40. Kb3 Na5+
41. Kxb4 Nc4 42. Ndxc4 bxc4 43. Bb8 Kf7 44. Ba7 Ke7 45. g4 Kd7 46. Bb6 Kc8 47.
Ka5 Bc7 48. Bxc7 Kxc7 49. f4 g5 50. f5 Bf7 51. Kb4 h5 52. Kc3 Kb7 53. Kb4 Ka6
54. Nc2 hxg4 55. hxg4 Be8 56. Na3 Bd7 57. Nb1 Kb7 58. Nc3 Kc7 59. Ka3 Kd8 60.
Na4 Ke8 61. Kb4 Kf7 62. Kc3 Ke8 63. Kb4 Kf7 1/2-1/2

[Event "AUTO-ADV-3581"]
[Site "http://www.queenalice.com/game.php?id=1406536"]
[Date "2016.1.28"]
[Round "1"]
[White "knightsdefence"]
[Black "C5"]
[Result "1-0"]
[WhiteElo "2002"]
[BlackElo "1957"]

1. e4 e5 2. Nf3 d6 3. d4 Qe7 4. Nc3 c6 5. Bc4 h6 6. a4 Bg4 7. dxe5 dxe5 8. h3
Bxf3 9. Qxf3 Nf6 10. Be3 Nbd7 11. a5 Qb4 12. Bb3 Be7 13. O-O O-O 14. Rfd1 Nc5
15. Kf1 Nxb3 16. Ra4 Nd4 17. Bxd4 Qd6 18. Bxa7 Qc7 19. Bb6 Qc8 20. Qe3 Nd7 21.
Rda1 Nxb6 22. Qxb6 Qd7 23. a6 bxa6 24. Rxa6 Rxa6 25. Qxa6 Bc5 26. Rd1 Qa7 27.
Qxa7 Bxa7 28. Rd6 Rc8 29. Ke2 Bd4 30. Nd1 Bc5 31. Rd3 Kf8 32. Ne3 Bxe3 33. Rxe3
Rb8 34. Rb3 Rd8 35. Rd3 Rd4 36. Rxd4 exd4 37. Kd3 c5 38. Kc4 1-0

[Event "AUTO-ADV-3581"]
[Site "http://www.queenalice.com/game.php?id=1406537"]
[Date "2016.1.28"]
[Round "1"]
[White "C5"]
[Black "knightsdefence"]
[Result "0-1"]
[WhiteElo "1977"]
[BlackElo "2016"]

1. e4 e5 2. Nf3 Nf6 3. d3 Nc6 4. h3 d5 5. Qe2 dxe4 6. dxe4 Bc5 7. c3 a5 8. Qb5
Qd6 9. Nbd2 O-O 10. Be2 Rd8 11. O-O Bd7 12. Rd1 Nd4 13. Qd3 Nxe2+ 14. Qxe2 Bc6
15. Re1 b5 16. a3 Rd7 17. b3 Qe7 18. c4 b4 19. Bb2 Rad8 20. Red1 Nxe4 21. Nxe4
Rxd1+ 22. Rxd1 Rxd1+ 23. Qxd1 Bxe4 24. Qe2 Bxf3 25. Qxf3 e4 26. Qg4 f6 27. axb4
axb4 28. Kf1 e3 29. Qe2 exf2 30. Qxe7 Bxe7 31. Kxf2 Kf7 32. Kf3 Ke6 33. g4 Bd6
34. Ke4 Bg3 35. Bd4 Be1 36. Bc5 Bc3 37. Bf8 g6 38. Bc5 f5+ 39. Ke3 fxg4 40. hxg4
h5 41. Kf4 Bd2+ 42. Kf3 h4 43. Bd4 g5 44. Bf2 Ke5 45. Bc5 h3 46. Kg3 Ke4 47.
Kxh3 Kd3 48. Be7 Kc3 49. Bd8 c6 50. Kg3 Kxb3 51. Kf3 Kxc4 52. Bf6 c5 53. Ke2 Bf4
54. Ba1 Kb3 55. Kd1 Ka2 56. Bf6 b3 57. Bg7 b2 0-1

[Event "AUTO-INT-3020"]
[Site "http://www.queenalice.com/game.php?id=1406574"]
[Date "2016.1.28"]
[Round "3"]
[White "NickThorp"]
[Black "knightsdefence"]
[Result "0-1"]
[WhiteElo "1713"]
[BlackElo "1978"]

1. e4 e5 2. Nf3 Nf6 3. d3 Nc6 4. Bg5 Be7 5. Nc3 d6 6. Nd5 Nxd5 7. exd5 Bxg5 8.
Nxg5 Qxg5 9. dxc6 bxc6 10. Qf3 Bd7 11. h3 O-O 12. Be2 Rab8 13. O-O Rxb2 14. c4
c5 15. a4 Qf5 16. Qxf5 Bxf5 17. Rfe1 Rfb8 18. g4 Bd7 19. Bf1 a5 20. Kg2 Rd2 21.
Rab1 Rbb2 22. Kg3 Rxf2 23. Rxb2 Rxb2 24. Ra1 Rb4 25. Kf3 Rxa4 26. Rxa4 Bxa4 27.
Ke2 Bd7 28. Kd2 f5 29. Be2 fxg4 30. hxg4 Kf7 31. Kc3 Kg6 32. Kd2 Kg5 33. Kc3
Bxg4 34. Bxg4 Kxg4 35. Kb3 h5 36. Ka4 h4 37. Kxa5 h3 38. Ka6 h2 39. Kb7 h1=Q+
40. Kxc7 d5 41. Kd6 dxc4 42. dxc4 Qd1+ 43. Kxe5 Qd4+ 44. Ke6 Qxc4+ 45. Kd6 Qd4+
46. Kc6 c4 47. Kb5 c3 0-1

[Event "AUTO-INT-3020"]
[Site "http://www.queenalice.com/game.php?id=1406575"]
[Date "2016.1.28"]
[Round "3"]
[White "knightsdefence"]
[Black "NickThorp"]
[Result "1-0"]
[WhiteElo "1955"]
[BlackElo "1711"]

1. e4 e5 2. Nf3 Nc6 3. d4 exd4 4. Nxd4 Nxd4 5. Qxd4 d6 6. Nc3 Be6 7. Bf4 Qf6 8.
e5 dxe5 9. Bxe5 Qg6 10. O-O-O Qg5+ 11. f4 Qf5 12. Bxc7 Rc8 13. Bb5+ Bd7 14.
Rhe1+ Be7 15. Bxd7+ Qxd7 16. Qxd7+ Kf8 17. Qxc8+ Bd8 18. Qxd8# 1-0

[Event "AUTO-ADV-3581"]
[Site "http://www.queenalice.com/game.php?id=1418612"]
[Date "2016.4.16"]
[Round "2"]
[White "knightsdefence"]
[Black "Canaye"]
[Result "1-0"]
[WhiteElo "2023"]
[BlackElo "1983"]

1. e4 e6 2. d4 d5 3. exd5 Qxd5 4. Nf3 c5 5. Nc3 Qd8 6. Bf4 Nc6 7. Nb5 Qa5+ 8. c3
Nxd4 9. Nfxd4 cxd4 10. Qxd4 Nf6 11. Nc7+ Ke7 12. Qd6# 1-0

[Event "AUTO-ADV-3581"]
[Site "http://www.queenalice.com/game.php?id=1418613"]
[Date "2016.4.16"]
[Round "2"]
[White "Canaye"]
[Black "knightsdefence"]
[Result "1/2-1/2"]
[WhiteElo "1835"]
[BlackElo "2099"]

1. d4 d5 2. c4 c6 3. Nc3 Nf6 4. cxd5 cxd5 5. h3 Nc6 6. Bf4 Qb6 7. Nf3 Qxb2 8.
Qc1 Qxc1+ 9. Rxc1 e6 10. Nb5 Bb4+ 11. Nd2 Ba5 12. Bc7 Bxd2+ 13. Kxd2 Ne4+ 14.
Ke1 a6 15. Nd6+ Nxd6 16. Bxd6 Bd7 17. e3 Rc8 18. Bd3 f5 19. Ke2 Kf7 20. g4 g6
21. gxf5 gxf5 22. Rhg1 Rhg8 23. Rg3 Rg6 24. Rcg1 Rcg8 25. h4 Rxg3 26. fxg3 Na7
27. Kf3 Nb5 28. Be5 Nc3 29. Rg2 Ba4 30. Rb2 b5 31. a3 Bd1+ 32. Kf2 Bh5 33. Bc2
Bd1 34. Bd3 Ne4+ 35. Ke1 Ba4 36. Bxe4 fxe4 37. Rf2+ Ke7 38. Bf6+ Ke8 39. Rg2 Rf8
40. Be5 Rf3 41. Bf4 Bb3 42. Kd2 a5 43. g4 Rf1 44. g5 Kf7 45. Bc7 a4 46. h5 b4
47. g6+ hxg6 48. hxg6+ Kg8 49. Be5 bxa3 50. Rh2 Rd1+ 51. Kc3 Rc1+ 52. Kd2 Rc2+
53. Ke1 Rxh2 54. Bxh2 Kg7 55. Kd2 Kxg6 56. Kc1 Kf5 57. Bd6 a2 58. Kb2 Kg4 59.
Bf8 1/2-1/2

[Event "AUTO-ADV-3581"]
[Site "http://www.queenalice.com/game.php?id=1418614"]
[Date "2016.4.16"]
[Round "2"]
[White "knightsdefence"]
[Black "chessman"]
[Result "1-0"]
[WhiteElo "2088"]
[BlackElo "1924"]

1. e4 e6 2. d4 d5 3. exd5 exd5 4. Bd3 Nf6 5. Ne2 Bd6 6. Bf4 O-O 7. c3 Bxf4 8.
Nxf4 Re8+ 9. Ne2 c6 10. f3 Qe7 11. O-O Bf5 12. Bxf5 Qxe2 13. Nd2 Nbd7 14. Re1
Qxe1+ 15. Qxe1 Rxe1+ 16. Rxe1 Kf8 17. Nf1 Re8 18. Rxe8+ Kxe8 19. Ne3 Ke7 20. Kf2
g6 21. Bc2 Nb6 22. b3 Nfd7 23. g4 Nc8 24. c4 Nd6 25. cxd5 cxd5 26. Nxd5+ Kf8 27.
Bd3 a6 28. h4 Kg7 29. a4 Nf6 30. Nxf6 Kxf6 31. Ke3 h6 32. f4 Nc8 33. Ke4 1-0

[Event "AUTO-ADV-3581"]
[Site "http://www.queenalice.com/game.php?id=1418615"]
[Date "2016.4.16"]
[Round "2"]
[White "chessman"]
[Black "knightsdefence"]
[Result "0-1"]
[WhiteElo "1897"]
[BlackElo "2037"]

1. e4 e5 2. Nf3 Nf6 3. Nxe5 d6 4. Nf3 Nxe4 5. d4 d5 6. Bd3 Nc6 7. O-O Be7 8. c4
Nb4 9. a3 Nxd3 10. Qxd3 Bf5 11. Qb3 Be6 12. Qxb7 Nd6 13. Qc6+ Bd7 14. Qxd5 Be6
15. Qc6+ Bd7 16. Qa6 Bc8 17. Qa4+ Bd7 18. Nc3 Bxa4 0-1

[Event "AUTO-ADV-3581"]
[Site "http://www.queenalice.com/game.php?id=1418616"]
[Date "2016.4.16"]
[Round "2"]
[White "knightsdefence"]
[Black "Andrez"]
[Result "1-0"]
[WhiteElo "2098"]
[BlackElo "1973"]

1. e4 e5 2. Nf3 Nc6 3. d4 exd4 4. Nxd4 d6 5. Nc3 Nf6 6. Bf4 Be7 7. Bc4 O-O 8.
O-O Nxd4 9. Qxd4 Be6 10. Rad1 Qc8 11. Rfe1 Bxc4 12. Qxc4 Qg4 13. Be3 Rad8 14.
Qxc7 Rfe8 15. f3 Qg6 16. Qa5 a6 17. Nd5 Nxd5 18. Rxd5 h6 19. Bb6 Rc8 20. c3 Bd8
21. Red1 Bxb6+ 22. Qxb6 Qe6 23. Qxd6 Qxd6 24. Rxd6 a5 25. R6d5 a4 26. Ra5 Ra8
27. Rxa8 Rxa8 28. Rd4 b5 29. Kf2 g5 30. Rd6 Kg7 31. Rb6 Ra5 32. Ke3 f6 33. Kd4
h5 34. Kc5 h4 35. Rxb5 Ra7 36. Kb4 Rd7 37. Rd5 Rb7+ 38. Ka3 Kf7 39. b4 axb3 40.
axb3 Ra7+ 41. Kb2 Ke6 42. c4 Rg7 43. b4 1-0

[Event "AUTO-ADV-3581"]
[Site "http://www.queenalice.com/game.php?id=1418617"]
[Date "2016.4.16"]
[Round "2"]
[White "Andrez"]
[Black "knightsdefence"]
[Result "0-1"]
[WhiteElo "1957"]
[BlackElo "2097"]

1. g4 d5 2. g5 e5 3. d3 h6 4. h4 hxg5 5. Bxg5 f6 6. Bd2 Be7 7. Bg2 f5 8. h5 Be6
9. c4 c6 10. Qb3 Qd7 11. Nc3 d4 12. Nd1 Qc7 13. Nf3 Nd7 14. Ng5 Nc5 15. Nxe6
Nxe6 16. Bh3 Nc5 17. Qc2 f4 18. Bf5 Nf6 19. e3 fxe3 20. fxe3 Rxh5 21. Bg6+ Kd7
22. Bxh5 Rh8 23. Bg4+ Nxg4 24. Rxh8 e4 25. Rh3 Bh4+ 26. Kf1 exd3 27. Qc1 Qe5 28.
exd4 Qe2+ 29. Kg1 Ne4 30. Nc3 Qf2+ 31. Kh1 Ng3+ 32. Rxg3 Qh2# 0-1

[Event "AUTO-OPEN-3484"]
[Site "http://www.queenalice.com/game.php?id=1423256"]
[Date "2016.5.16"]
[Round "2"]
[White "knightsdefence"]
[Black "Bruscato"]
[Result "0-1"]
[WhiteElo "2105"]
[BlackElo "2033"]

1. d4 c5 2. d5 d6 3. e4 Nd7 4. Nf3 g6 5. c3 Bg7 6. Bd3 Ngf6 7. Nbd2 O-O 8. O-O
a6 9. a4 Rb8 10. Qe2 Re8 11. c4 Nf8 12. Re1 Bd7 13. Ra2 e6 14. Qf1 exd5 15. exd5
b5 16. axb5 axb5 17. b3 b4 18. Ne4 Nxe4 19. Bxe4 Ra8 20. Rae2 f5 21. Bc2 Rxe2
22. Rxe2 Ra1 23. Re1 Bc3 24. Bd2 Rxe1 25. Qxe1 Bxd2 26. Nxd2 Qf6 27. Nf3 Kg7 28.
Qd2 Qa1+ 29. Qd1 Qc3 30. Qd2 Qa1+ 31. Qe1 Qxe1+ 32. Nxe1 Kf6 33. f4 h6 34. h4 g5
35. hxg5+ hxg5 36. fxg5+ Kxg5 37. Nf3+ Kf4 38. Kf2 Ng6 39. g3+ Kg4 40. Kg2 Ne5
41. Nh2+ Kg5 42. Nf3+ Kf6 43. Nh2 Be8 44. Nf3 Nxf3 45. Kxf3 Ke5 46. g4 fxg4+ 47.
Kxg4 Bd7+ 48. Kg5 Bh3 0-1

[Event "AUTO-OPEN-3484"]
[Site "http://www.queenalice.com/game.php?id=1423257"]
[Date "2016.5.16"]
[Round "2"]
[White "Bruscato"]
[Black "knightsdefence"]
[Result "0-1"]
[WhiteElo "2227"]
[BlackElo "2047"]

1. e4 e6 2. d4 d5 3. Nc3 Nf6 4. Bg5 Be7 5. e5 Nfd7 6. h4 h6 7. Bxe7 Qxe7 8. Nf3
a6 9. Be2 c5 10. dxc5 Qxc5 11. Qd2 Qc7 12. Qf4 Nc6 13. O-O-O O-O 14. g4 Ndxe5
15. g5 Nd3+ 0-1

[Event "AUTO-OPEN-3484"]
[Site "http://www.queenalice.com/game.php?id=1423258"]
[Date "2016.5.16"]
[Round "2"]
[White "knightsdefence"]
[Black "Artking"]
[Result "1-0"]
[WhiteElo "2084"]
[BlackElo "2039"]

1. e4 b6 2. d4 Bb7 3. Bd3 d6 4. Nf3 Nf6 5. e5 dxe5 6. dxe5 Ng4 7. O-O e6 8. h3
h5 9. Bb5+ c6 10. Qxd8+ Kxd8 11. Be2 Nh6 12. Bg5+ Kc7 13. Rd1 Nd7 14. Nc3 Bc5
15. Ne4 Nf5 16. Nxc5 Nxc5 17. Bf4 Rad8 18. Ng5 Rdf8 19. Rd2 f6 20. exf6+ Kc8 21.
f7 Nd7 22. Nxe6 Rxf7 23. Bc4 b5 24. Ng5 Re7 25. Be6 Rf8 26. Rad1 1-0

[Event "AUTO-OPEN-3484"]
[Site "http://www.queenalice.com/game.php?id=1423259"]
[Date "2016.5.16"]
[Round "2"]
[White "Artking"]
[Black "knightsdefence"]
[Result "0-1"]
[WhiteElo "2017"]
[BlackElo "2070"]

1. Nf3 Nf6 2. g3 d5 3. Bg2 g6 4. c4 dxc4 5. Qa4+ c6 6. Ne5 Qd4 7. Nf3 Qc5 8. Nc3
b5 9. Qc2 Bf5 10. d3 cxd3 11. exd3 b4 12. d4 Bxc2 13. Be3 Qa5 0-1

[Event "AUTO-OPEN-3484"]
[Site "http://www.queenalice.com/game.php?id=1454511"]
[Date "2016.12.12"]
[Round "3"]
[White "knightsdefence"]
[Black "Bruscato"]
[Result "1-0"]
[WhiteElo "2113"]
[BlackElo "2114"]

1. d4 c5 2. e3 d5 3. Nf3 Nc6 4. b3 Bf5 5. Bb2 Nf6 6. a3 Bg6 7. dxc5 e6 8. b4 Be7
9. Nbd2 a5 10. c3 O-O 11. Be2 Rc8 12. O-O h5 13. Nd4 Ne5 14. N2f3 Nxf3+ 15. Nxf3
Ne4 16. Nd2 Nxd2 17. Qxd2 Bf6 18. c4 Bxb2 19. Qxb2 Qg5 20. cxd5 exd5 21. Bf3 Be4
22. Bxe4 dxe4 23. Rad1 axb4 24. axb4 f5 25. Rd7 Rf7 26. Qb3 Rf8 27. Rxb7 f4 28.
exf4 Qxf4 29. Rxf7 Rxf7 30. b5 h4 31. b6 1-0

[Event "AUTO-OPEN-3484"]
[Site "http://www.queenalice.com/game.php?id=1454512"]
[Date "2016.12.12"]
[Round "3"]
[White "Bruscato"]
[Black "knightsdefence"]
[Result "0-1"]
[WhiteElo "2084"]
[BlackElo "2102"]

1. e4 e6 2. d4 d5 3. Nc3 Nf6 4. Bg5 Be7 5. e5 Nfd7 6. h4 h6 7. Bxe7 Qxe7 8. Qg4
O-O 9. Nf3 c5 10. O-O-O Nc6 11. Rh3 cxd4 12. Nxd4 Ncxe5 13. Qh5 Qf6 14. Rd2 Ng6
15. Rf3 Qxh4 16. Qxh4 Nxh4 17. Rg3 Nf6 18. f4 Ng6 19. Rf3 Ne7 20. g4 Nxg4 21.
Rg2 Nf6 22. Bd3 Nf5 23. Bxf5 exf5 24. Rfg3 g6 25. Ncb5 Ne4 26. Rh3 Kg7 27. Nc7
Rb8 28. Nxd5 Rd8 29. c4 Be6 30. Nxe6+ fxe6 31. Ne3 Rd4 32. b3 Rbd8 33. Kb2 Rd2+
34. Rxd2 Rxd2+ 35. Ka3 Rf2 36. b4 Rxf4 37. c5 Nf6 0-1

[Event "AUTO-OPEN-3484"]
[Site "http://www.queenalice.com/game.php?id=1454513"]
[Date "2016.12.12"]
[Round "3"]
[White "knightsdefence"]
[Black "CCapivara"]
[Result "1/2-1/2"]
[WhiteElo "2150"]
[BlackElo "2211"]

1. d4 d6 2. e4 Nf6 3. Nc3 c6 4. Nf3 Bg4 5. Be2 Nbd7 6. O-O e5 7. Be3 Be7 8. h3
Bh5 9. Nh4 Bg6 10. Nxg6 hxg6 11. f4 Qc7 12. fxe5 dxe5 13. d5 O-O 14. dxc6 bxc6
15. Bf3 Rab8 16. b3 Rbd8 17. Qe1 Bb4 18. a3 Ba5 19. b4 Bb6 20. Na4 c5 21. c3 Qc6
22. Nxb6 axb6 23. Bg5 Rfe8 24. Qe2 Nf8 25. Rfd1 Ne6 26. Bh4 Nf4 27. Qc4 Rd6 28.
b5 Qd7 29. Rxd6 Qxd6 30. Rd1 Qc7 31. Bf2 Rd8 32. Be3 Ne6 1/2-1/2

[Event "AUTO-OPEN-3484"]
[Site "http://www.queenalice.com/game.php?id=1454514"]
[Date "2016.12.12"]
[Round "3"]
[White "CCapivara"]
[Black "knightsdefence"]
[Result "0-1"]
[WhiteElo "2213"]
[BlackElo "2125"]

1. e4 e6 2. d4 d5 3. exd5 exd5 4. Nf3 Bd6 5. Bd3 Ne7 6. O-O Bf5 7. Re1 Bxd3 8.
Qxd3 O-O 9. c3 c6 10. Ne5 f6 11. Nf3 Ng6 12. Nbd2 Re8 13. Rxe8+ Qxe8 14. Nb3 Nd7
15. Bd2 Qf7 16. Re1 Re8 17. g3 Rxe1+ 18. Bxe1 Ndf8 19. h4 Ne6 20. Bd2 Qd7 21. h5
Ne7 22. h6 g6 23. Nc1 Nf5 24. Ne2 Kh8 25. g4 Ne7 26. g5 fxg5 27. Bxg5 Nxg5 28.
Nxg5 Qg4+ 29. Ng3 Qxg5 30. Qf3 Qf4 31. Qe2 Qc1+ 32. Kg2 Qxh6 33. Qe6 Bxg3 34.
fxg3 Qd2+ 35. Kh3 Qh6+ 36. Kg2 Qg7 37. Qd7 Ng8 38. Qc8 Qe7 39. Qb8 a6 40. Qc8
Qe4+ 41. Kf1 Qf5+ 0-1

[Event "AUTO-OPEN-3484"]
[Site "http://www.queenalice.com/game.php?id=1454515"]
[Date "2016.12.12"]
[Round "3"]
[White "knightsdefence"]
[Black "Andrez"]
[Result "1-0"]
[WhiteElo "2088"]
[BlackElo "2040"]

1. d4 f5 2. Bf4 Nf6 3. e3 e6 4. Nf3 b6 5. h3 Bb7 6. Be2 a5 7. Nbd2 Be7 8. c3 O-O
9. g4 fxg4 10. hxg4 Nxg4 11. Rg1 h5 12. Qc2 Bh4 13. Nxh4 Qxh4 14. Bxg4 hxg4 15.
Qg6 Na6 16. Rxg4 Qh7 17. Qxh7+ Kxh7 18. O-O-O c5 19. Rdg1 cxd4 20. Rxg7+ Kh8 21.
R7g6 Rf7 22. Rh6+ Rh7 23. Be5# 1-0

[Event "AUTO-OPEN-3484"]
[Site "http://www.queenalice.com/game.php?id=1454516"]
[Date "2016.12.12"]
[Round "3"]
[White "Andrez"]
[Black "knightsdefence"]
[Result "0-1"]
[WhiteElo "2069"]
[BlackElo "2140"]

1. g4 d5 2. Bg2 c6 3. h3 e5 4. d3 Bd6 5. Nc3 Ne7 6. e4 Be6 7. Bd2 d4 8. Nce2 c5
9. Ng3 g6 10. N1e2 Nbc6 11. O-O h6 12. f4 exf4 13. Bxf4 Ne5 14. Qc1 g5 15. Bd2
Qc7 16. Nf5 Nxf5 17. exf5 Bd7 18. Qe1 O-O-O 19. b4 b6 20. a4 Bc6 21. Ng3 Nxd3
22. cxd3 Bxg3 23. Qb1 Bh2+ 24. Kh1 Bxg2+ 25. Kxg2 Qg3+ 26. Kh1 Qxh3 27. Rf3 Bg3+
28. Kg1 Qh2+ 29. Kf1 Qh1+ 30. Ke2 Rhe8+ 31. Be3 Qg2+ 32. Kd1 Qxf3+ 33. Kc2 dxe3
34. bxc5 e2 35. cxb6 Qxd3+ 36. Kb2 Be5+ 37. Ka2 Qd2+ 38. Kb3 Qc3+ 0-1

[Event "Let's Play Chess!"]
[Site "http://www.queenalice.com/game.php?id=1604483"]
[Date "2020.3.27"]
[Round "-"]
[White "knightsdefence"]
[Black "paolop69"]
[Result "1-0"]
[WhiteElo "2157"]
[BlackElo "1698"]

1. e4 e5 2. Nf3 d6 3. d4 Nd7 4. Bc4 h6 5. dxe5 Nxe5 6. Nxe5 dxe5 7. Bxf7+ Ke7 8.
Qxd8+ Kxd8 9. O-O Nf6 10. f3 Ke7 11. Bb3 Be6 12. Bxe6 Kxe6 13. Rd1 Bc5+ 14. Kf1
Rad8 15. Nc3 Rxd1+ 16. Nxd1 Rd8 17. Ke2 Nh5 18. Be3 Bxe3 19. Nxe3 c6 20. Rd1
Rxd1 21. Kxd1 Nf4 22. g3 Nh5 23. Nf5 g6 24. Nxh6 a5 25. Ng4 g5 26. Kd2 b5 27. a4
bxa4 28. Kc1 c5 29. Kb1 c4 30. Ka2 Ng7 31. Ka3 Ne8 32. Kxa4 Nd6 33. Kxa5 Nb7+
34. Kb5 Nd6+ 35. Kc5 c3 36. b4 Nb7+ 37. Kc6 Nd8+ 38. Kc7 Nf7 39. b5 Nd6 40. b6
Nb5+ 41. Kd8 Nd6 42. h4 gxh4 43. gxh4 Nb7+ 44. Kc7 Nc5 45. b7 Na6+ 46. Kc8 Kd6
47. b8=Q+ Nxb8 48. Kxb8 1-0

[Event "Let's Play Chess!"]
[Site "http://www.queenalice.com/game.php?id=1604511"]
[Date "2020.3.28"]
[Round "-"]
[White "igorjava"]
[Black "knightsdefence"]
[Result "0-1"]
[WhiteElo "1814"]
[BlackElo "2152"]

1. e4 c5 2. Nf3 Nc6 3. d4 cxd4 4. Nxd4 Nf6 5. Nc3 e5 6. Nf3 Bb4 7. Bd3 d5 8. O-O
Bxc3 9. bxc3 dxe4 10. Bxe4 Nxe4 11. Qe1 Nf6 12. Bg5 O-O 13. Nxe5 Nxe5 14. Qxe5
Re8 15. Bxf6 gxf6 16. Qf4 Qe7 17. Rfe1 Qxe1+ 0-1

[Event "Let's Play Chess!"]
[Site "http://www.queenalice.com/game.php?id=1604512"]
[Date "2020.3.28"]
[Round "-"]
[White "knightsdefence"]
[Black "igorjava"]
[Result "1-0"]
[WhiteElo "2154"]
[BlackElo "1869"]

1. e4 c5 2. Nf3 d6 3. d4 cxd4 4. Nxd4 Nc6 5. Nc3 Nf6 6. Bg5 a6 7. Qd2 h6 8. Bxf6
exf6 9. O-O-O Qc7 10. Nd5 Qd8 11. Bc4 Ne5 12. Bb3 Be6 13. Kb1 Rb8 14. Rhe1 b5
15. f4 Nc4 16. Bxc4 bxc4 17. Nc6 Qc8 18. Nxb8 Qxb8 19. Qb4 Qb5 20. Nc7+ 1-0